00339nam a2200145Ia 4500008004100000020001500041041000800056082001700064100002700081245002400108250000600132260003800138300000800176650000900184210716s2002 xx 000 0 und d a8183330576 aeng a005.133 KANY aKanetkar, Yashavant P. aLet us c solutions. a4 aNew DelhibBPB Publicationsc2002 a490 aNone